University Home | Library Home | Institutional Repository

Comparative diagnosis of viral diseases / (Record no. 43214)

MARC details
000 -LEADER
fixed length control field 00934cam6a220024100 4500
001 - CONTROL NUMBER
control field tmp15718396
003 - CONTROL NUMBER IDENTIFIER
control field UPRA
005 - DATE AND TIME OF LATEST TRANSACTION
control field 20190813173743.0
008 - FIXED-LENGTH DATA ELEMENTS--GENERAL INFORMATION
fixed length control field 951011s1977 nyu eng u
035 ## - SYSTEM CONTROL NUMBER
System control number (Sirsi) r67326
035 ## - SYSTEM CONTROL NUMBER
System control number (UPRA)tmp15718396
040 ## - CATALOGING SOURCE
Transcribing agency UPRA
245 00 - TITLE STATEMENT
Title Comparative diagnosis of viral diseases /
Statement of responsibility, etc. edited by Edouard Kurstak and Christine Kurstak.
260 ## - PUBLICATION, DISTRIBUTION, ETC.
Place of publication, distribution, etc. New York :
Name of publisher, distributor, etc. Academic,
Date of publication, distribution, etc. 1977.
504 ## - BIBLIOGRAPHY, ETC. NOTE
Bibliography, etc. note Includes bibliographical references.
505 0# - FORMATTED CONTENTS NOTE
Formatted contents note v. 1 & 2, pt. A & B. Human and related viruses -- v. 3 & 4, pt. A & B. Vertebrate animal and related viruses.
700 1# - ADDED ENTRY--PERSONAL NAME
Personal name Kurstak, Edouard.
Linkage A26507.1
949 ## - LOCAL PROCESSING INFORMATION (OCLC)
a RC114.5
v VOL. 1
w LC
i -90209
m MEDICAL
t BOOK
l ON-SHELF
949 ## - LOCAL PROCESSING INFORMATION (OCLC)
a RC114.5
v VOL. 2
w LC
i -90210
m MEDICAL
t BOOK
l ON-SHELF
949 ## - LOCAL PROCESSING INFORMATION (OCLC)
a RC114.5
v VOL. 3
w LC
i -90211
m MEDICAL
t BOOK
l ON-SHELF
949 ## - LOCAL PROCESSING INFORMATION (OCLC)
a RC114.5
v VOL. 4
w LC
i -90212
m MEDICAL
t BOOK
l ON-SHELF
Holdings
Withdrawn status Lost status Source of classification or shelving scheme Damaged status Not for loan Home library Current library Shelving location Total Checkouts Full call number Barcode Date last seen Copy number Price effective from Koha item type
    Library of Congress Classification     Medical Library Medical Library On Shelf   RC114.5 VOL.1 -90209 08/13/2019 1 08/13/2019 Book
    Library of Congress Classification     Medical Library Medical Library On Shelf   RC114.5 VOL.2 -90210 08/13/2019 1 08/13/2019 Book
    Library of Congress Classification     Medical Library Medical Library On Shelf   RC114.5 VOL.3 -90211 08/13/2019 1 08/13/2019 Book
    Library of Congress Classification     Medical Library Medical Library On Shelf   RC114.5 VOL.4 -90212 08/13/2019 1 08/13/2019 Book
© 2026 - The University of Zambia Library - Koha v25.11